|
|
|
|
| LEADER |
00000nam0a2200000 4500 |
| 001 |
365917 |
| 005 |
20231102011830.0 |
| 035 |
|
|
|a (RuTPU)RU\TPU\retro\23280
|
| 090 |
|
|
|a 365917
|
| 100 |
|
|
|a 20220126d1981 k y0rusy50 ca
|
| 101 |
1 |
|
|a eng
|c rus
|
| 102 |
|
|
|a RU
|
| 105 |
|
|
|a a z 001zy
|
| 200 |
1 |
|
|a Основы светотехники
|d Fundamentals of illumination engineering
|f В. В. Мешков
|
| 210 |
|
|
|a Москва
|c Мир
|d 1981
|
| 215 |
|
|
|a 371 с.
|c ил.
|
| 300 |
|
|
|a На английском языке
|
| 320 |
|
|
|a Библиогр.: 362-366 с.
|
| 320 |
|
|
|a Указ.: с. 367-371
|
| 510 |
1 |
|
|a Fundamentals of illumination engineering
|z eng
|
| 606 |
1 |
|
|a Светотехника
|2 stltpush
|3 (RuTPU)RU\TPU\subj\54172
|9 72331
|
| 610 |
1 |
|
|a оптика
|
| 610 |
1 |
|
|a оптическое излучение
|
| 610 |
1 |
|
|a радиометрия
|
| 610 |
1 |
|
|a фотометрия
|
| 675 |
|
|
|a 628.9
|v 4
|
| 700 |
|
1 |
|a Мешков
|b В. В.
|g Владимир Васильевич
|
| 702 |
|
1 |
|a Мацковский
|b В. М.
|4 730
|
| 801 |
|
1 |
|a RU
|b 63413507
|c 20220126
|
| 942 |
|
|
|c BK
|